| 000 | 00493nam a2200157 i 4500 | ||
|---|---|---|---|
| 001 | 68020 | ||
| 003 | ES-MaACL | ||
| 005 | 20230906170205.0 | ||
| 007 | t| | ||
| 008 | 040217s1950 sp ||||1| spa d | ||
| 100 | 1 |
_aMontesión, Francisco Gamero-Civico _cMarqués de. _9161391 |
|
| 245 | 1 | 0 | _aSegundo florilegio de poesías del Marqués de Montesión, Conde de las Atalayas. |
| 260 |
_aSevilla : _bTomás Alvarez, _c1950. |
||
| 300 |
_a180 p. ; _c22 cm. |
||
| 852 |
_aES-MaACL _jD-7779 _bR.29722 |
||
| 999 |
_c68020 _d68020 |
||